[Event "Tianjin Prestigious Univ-ch"]
[Site "Tianjin"]
[Date "2019.11.28"]
[Round "9"]
[White "Behar, Joshua"]
[Black "Tarasov, Alexandr"]
[Result "0-1"]
[WhiteElo "1974"]
[BlackElo "2348"]
[PlyCount "60"]
[EventDate "2019.11.26"]
[EventType "team-tourn"]
[EventRounds "11"]
[EventCountry "CHN"]
[SourceTitle "CBM 193 Extra"]
[Source "ChessBase"]
[SourceDate "2020.01.31"]
[SourceVersion "1"]
[SourceVersionDate "2020.01.31"]
[SourceQuality "1"]

1. e4 c6 2. Nf3 d5 3. e5 c5 4. c3 Nc6 5. d4 cxd4 6. cxd4 Bg4 7. Be3 Qb6 8. Nbd2 e6 9. Be2 Nge7 10. 0-0 Nf5 11. h3 Bh5 12. Rc1 Be7 13. Nb3 0-0 14. Nc5 Nxe3 15. fxe3 Bxc5 16. Rxc5 Qxb2 17. Rb5 Qa3 18. Bd3 Bxf3 19. Rxf3 Rac8 20. Rg3 g6 21. Rb3 Qxa2 22. h4 Na5 23. Rb1 Rc7 24. h5 Rfc8 25. Qf1 Qxb1 26. Bxb1 Rc1 27. Rf3 Rxf1+ 28. Rxf1 gxh5 29. Kh2 Nc4 30. Rf3 Nd2 0-1

[Event "Tianjin Prestigious Univ-ch"]
[Site "Tianjin"]
[Date "2019.11.28"]
[Round "7"]
[White "Mihov, Filip"]
[Black "Tarasov, Alexandr"]
[Result "1/2-1/2"]
[WhiteElo "2191"]
[BlackElo "2348"]
[PlyCount "133"]
[EventDate "2019.11.26"]
[EventType "team-tourn"]
[EventRounds "11"]
[EventCountry "CHN"]
[SourceTitle "CBM 193 Extra"]
[Source "ChessBase"]
[SourceDate "2020.01.31"]
[SourceVersion "1"]
[SourceVersionDate "2020.01.31"]
[SourceQuality "1"]

1. e4 c6 2. d4 d5 3. exd5 cxd5 4. Bd3 Nc6 5. c3 Nf6 6. h3 g6 7. Nf3 Bg7 8. 0-0 0-0 9. Bf4 Bf5 10. Ne1 Ne4 11. Nd2 e5 12. dxe5 Nxe5 13. Bc2 Rc8 14. Nxe4 Bxe4 15. Rb1 Nc4 16. Bxe4 dxe4 17. Nc2 Qb6 18. b3 Ne5 19. c4 Nd3 20. Be3 Qa5 21. a3 Rfd8 22. Qe2 a6 23. Rfd1 Qc3 24. Ne1 b5 25. cxb5 axb5 26. Nxd3 exd3 27. Qf3 Qa5 28. Bg5 Re8 29. Rxd3 b4 30. Rd7 Rf8 31. Be7 bxa3 32. Bxf8 Rxf8 33. Rdd1 a2 34. Ra1 Bxa1 35. Rxa1 Qa3 36. Qe2 Ra8 37. Qc2 h5 38. h4 Qa7 39. b4 Qd4 40. Rxa2 Re8 41. Qd2 Qxh4 42. Rb2 Ra8 43. Rb1 Qe4 44. Qe1 Qxe1+ 45. Rxe1 Rb8 46. Rb1 Kf8 47. Kh2 Ke7 48. Kg3 Kd6 49. Kf4 Rb5 50. g3 Kd5 51. g4 h4 52. g5 Kc4 53. Kg4 Rxb4 54. Rxb4+ Kxb4 55. Kxh4 Kc4 56. Kg4 Kd3 57. f4 Ke4 58. Kg3 Ke3 59. Kg4 Kf2 60. f5 Ke3 61. fxg6 fxg6 62. Kg3 Ke4 63. Kg4 Ke5 64. Kg3 Kf5 65. Kh4 Kf4 66. Kh3 Kxg5 67. Kg3 1/2-1/2

[Event "Moscow RGSU op"]
[Site "Moscow"]
[Date "2016.12.19"]
[Round "5"]
[White "Tarasov, Alexandr"]
[Black "Dvalishvili, Pavel S"]
[Result "1-0"]
[WhiteElo "2342"]
[BlackElo "2421"]
[PlyCount "53"]
[EventDate "2016.12.13"]
[EventType "swiss"]
[EventRounds "9"]
[EventCountry "RUS"]
[SourceTitle "CBM 176 Extra"]
[Source "ChessBase"]
[SourceDate "2017.03.02"]
[SourceVersion "1"]
[SourceVersionDate "2017.03.02"]
[SourceQuality "1"]

1. Nf3 Nf6 2. c4 c5 3. Nc3 Nc6 4. g3 d6 5. Bg2 g6 6. 0-0 Bg7 7. d4 cxd4 8. Nxd4 Bd7 9. b3 Nxd4 10. Qxd4 Bc6 11. Bb2 0-0 12. Nd5 Ne8 13. Qd2 Bxb2 14. Qxb2 e6 15. Nf4 Bxg2 16. Kxg2 Qe7 17. e4 Nf6 18. f3 a6 19. Rfd1 b5 20. Qa3 bxc4 21. e5 Nd5 22. Nxd5 exd5 23. Qxd6 Qxd6 24. exd6 cxb3 25. axb3 Rfb8 26. d7 Rxb3 27. Rdc1 1-0

[Event "Moscow RGSU op"]
[Site "Moscow"]
[Date "2016.12.18"]
[Round "4"]
[White "Kakabayaev, Mergen"]
[Black "Tarasov, Alexandr"]
[Result "0-1"]
[WhiteElo "2330"]
[BlackElo "2342"]
[PlyCount "54"]
[EventDate "2016.12.13"]
[EventType "swiss"]
[EventRounds "9"]
[EventCountry "RUS"]
[SourceTitle "CBM 176 Extra"]
[Source "ChessBase"]
[SourceDate "2017.03.02"]
[SourceVersion "1"]
[SourceVersionDate "2017.03.02"]
[SourceQuality "1"]

1. e4 c6 2. d4 d5 3. e5 c5 4. dxc5 e6 5. Be3 Ne7 6. c3 Nf5 7. Bd4 Bd7 8. Nf3 Nc6 9. Bd3 Nfxd4 10. cxd4 b6 11. 0-0 bxc5 12. dxc5 Bxc5 13. Nbd2 Bb6 14. Rc1 Rc8 15. a3 0-0 16. b4 f6 17. exf6 Qxf6 18. Nb3 Ne5 19. Nxe5 Bxf2+ 20. Rxf2 Qxf2+ 21. Kh1 Ba4 22. Rb1 Rc3 23. Nf3 Qe3 24. Bc2 Rfc8 25. Nfd4 Bxb3 26. Rxb3 Rxb3 27. Nxb3 Rxc2 0-1

[Event "RUS-chT2"]
[Site "Sochi"]
[Date "2016.05.08"]
[Round "7.8"]
[White "Yandarbiev, Ruslan"]
[Black "Tarasov, Alexandr"]
[Result "1/2-1/2"]
[WhiteElo "2353"]
[BlackElo "2323"]
[PlyCount "117"]
[EventDate "2016.05.01"]
[EventType "team-swiss"]
[EventRounds "9"]
[EventCountry "RUS"]
[SourceTitle "EXT 2018"]
[Source "ChessBase"]
[SourceDate "2017.10.13"]
[SourceVersion "1"]
[SourceVersionDate "2017.10.13"]
[SourceQuality "1"]
[WhiteTeam "Chechen Republic"]
[BlackTeam "Moscow Youth"]
[WhiteTeamCountry "RUS"]
[BlackTeamCountry "RUS"]

1. d4 Nf6 2. Nf3 b5 3. Bf4 e6 4. e3 a6 5. Be2 Be7 6. h3 0-0 7. Nbd2 Bb7 8. 0-0 d5 9. Ne5 Nbd7 10. a4 b4 11. c3 bxc3 12. bxc3 c5 13. Qb3 Qc8 14. Rab1 Ra7 15. c4 Nxe5 16. Bxe5 Nd7 17. Bg3 cxd4 18. exd4 dxc4 19. Bxc4 Qa8 20. f3 Nf6 21. Rfc1 Bd5 22. Qd3 Rd8 23. Nb3 a5 24. Nc5 Bxc4 25. Qxc4 h6 26. Nd3 Qd5 27. Ne5 Qxc4 28. Rxc4 Raa8 29. Nc6 Rd7 30. Rb5 Nd5 31. Nxa5 Ne3 32. Rc7 Rxd4 33. Rxe7 Nf5 34. Rxf5 exf5 35. Nc6 Rdxa4 36. Re2 f4 37. Be1 Ra2 38. Kf1 Rxe2 39. Kxe2 Re8+ 40. Kd2 g5 41. Bf2 Kg7 42. h4 Kg6 43. hxg5 hxg5 44. Nd4 Kf6 45. Ne2 Rd8+ 46. Ke1 Ke5 47. g3 fxg3 48. Bxg3+ Ke6 49. Kf2 f5 50. Ke3 Kd5 51. Bc7 Rc8 52. Bb6 Rb8 53. Ba5 Kc4 54. f4 g4 55. Bc7 Rb3+ 56. Kf2 Rb2 57. Be5 Rb7 58. Ng3 Rf7 59. Ke3 1/2-1/2

[Event "RUS-chT2"]
[Site "Sochi"]
[Date "2016.05.05"]
[Round "5.6"]
[White "Tarasov, Alexandr"]
[Black "Savitskiy, Sergey"]
[Result "1/2-1/2"]
[WhiteElo "2323"]
[BlackElo "2401"]
[PlyCount "81"]
[EventDate "2016.05.01"]
[EventType "team-swiss"]
[EventRounds "9"]
[EventCountry "RUS"]
[SourceTitle "EXT 2018"]
[Source "ChessBase"]
[SourceDate "2017.10.13"]
[SourceVersion "1"]
[SourceVersionDate "2017.10.13"]
[SourceQuality "1"]
[WhiteTeam "Moscow Youth"]
[BlackTeam "Salekhard Yamal"]
[WhiteTeamCountry "RUS"]
[BlackTeamCountry "RUS"]

1. c4 Nf6 2. g3 g6 3. Bg2 Bg7 4. Nc3 0-0 5. d4 d6 6. Nf3 Nc6 7. 0-0 Bf5 8. Be3 Ng4 9. Bg5 h6 10. Bc1 e5 11. d5 Ne7 12. e4 Bd7 13. h3 Nf6 14. Ne1 Nh7 15. f4 exf4 16. gxf4 f5 17. e5 dxe5 18. fxe5 Bxe5 19. Bxh6 f4 20. Nd3 Bd4+ 21. Kh1 g5 22. Bxf8 Nxf8 23. Nxf4 Bxc3 24. bxc3 gxf4 25. Rxf4 Neg6 26. Rf2 Qh4 27. Qd4 Re8 28. Raf1 Qh5 29. Rf3 Ne5 30. Rg3+ Nfg6 31. Rf6 Rf8 32. Rxf8+ Kxf8 33. Qxa7 Qh4 34. Qb8+ Ke7 35. Rxg6 Nxg6 36. Qxc7 Qf4 37. Qxf4 Nxf4 38. d6+ Kxd6 39. Bxb7 Bxh3 40. Kh2 Be6 41. Bd5 1/2-1/2

[Event "RUS-chT2"]
[Site "Sochi"]
[Date "2016.05.04"]
[Round "4.3"]
[White "Iljiushenok, Ilia"]
[Black "Tarasov, Alexandr"]
[Result "1/2-1/2"]
[WhiteElo "2499"]
[BlackElo "2323"]
[PlyCount "86"]
[EventDate "2016.05.01"]
[EventType "team-swiss"]
[EventRounds "9"]
[EventCountry "RUS"]
[SourceTitle "CBM 172 Extra"]
[Source "ChessBase"]
[SourceDate "2016.06.21"]
[SourceVersion "1"]
[SourceVersionDate "2016.06.21"]
[SourceQuality "1"]
[WhiteTeam "Moscow SergArk"]
[BlackTeam "Moscow Youth"]
[WhiteTeamCountry "RUS"]
[BlackTeamCountry "RUS"]

1. d4 Nf6 2. c4 e6 3. Nc3 Bb4 4. e3 0-0 5. Nge2 Re8 6. a3 Bf8 7. Ng3 d5 8. Be2 dxc4 9. 0-0 c5 10. dxc5 Bxc5 11. Bxc4 a6 12. b4 Be7 13. Qe2 b5 14. Bb3 a5 15. Nxb5 axb4 16. Rd1 Bd7 17. Nd6 Bxd6 18. Rxd6 bxa3 19. Rxa3 Rxa3 20. Bxa3 Qa5 21. Bb2 Qb4 22. Rd3 Bb5 23. Qd2 Qxd2 24. Rxd2 Nbd7 25. e4 Rb8 26. f3 Ne8 27. h3 Nb6 28. Rd4 Bc4 29. Bd1 e5 30. Rd2 f6 31. Nf5 Kf7 32. Ba3 Be6 33. Be2 Nd7 34. Kh2 Ra8 35. Rd3 Nf8 36. Rc3 Rc8 37. Rxc8 Bxc8 38. Bc4+ Be6 39. Bxf8 Bxc4 40. Bxg7 Be6 41. Bh6 Kg6 42. Be3 Bxf5 43. exf5+ Kxf5 1/2-1/2

[Event "Moscow Botvinnik Memorial-A"]
[Site "Moscow"]
[Date "2015.12.17"]
[Round "7"]
[White "Tarasov, Alexandr"]
[Black "Golubev, Roman"]
[Result "1-0"]
[WhiteElo "2311"]
[BlackElo "2346"]
[PlyCount "65"]
[EventDate "2015.12.03"]
[EventType "tourn"]
[EventRounds "9"]
[EventCountry "RUS"]
[EventCategory "2"]
[SourceTitle "CBM 170 Extra"]
[Source "ChessBase"]
[SourceDate "2016.02.25"]
[SourceVersion "1"]
[SourceVersionDate "2016.02.25"]
[SourceQuality "1"]

1. Nf3 Nf6 2. c4 g6 3. Nc3 d5 4. Qa4+ Bd7 5. Qb3 dxc4 6. Qxc4 a6 7. e4 b5 8. Qe2 c5 9. e5 Nh5 10. a4 b4 11. Ne4 Nc6 12. Nxc5 Bg4 13. Qe4 Qc8 14. d4 Bg7 15. Be3 f5 16. Qd5 f4 17. Bd2 e6 18. Qc4 0-0 19. Ng5 Re8 20. Rc1 Bf8 21. h3 Bf5 22. Bd3 Bxc5 23. Bxf5 Nxd4 24. Be4 Ba7 25. Qc7 Qxc7 26. Rxc7 h6 27. Nf7 Nf5 28. Nd6 Red8 29. Bxa8 Rxa8 30. Nxf5 gxf5 31. Bxb4 Bb6 32. Rc6 Rb8 33. Ba3 1-0

[Event "Chigorin Memorial 23rd"]
[Site "St Petersburg"]
[Date "2015.10.10"]
[Round "8"]
[White "Tarasov, Alexandr"]
[Black "Smirnov, Artem"]
[Result "0-1"]
[WhiteElo "2297"]
[BlackElo "2419"]
[PlyCount "48"]
[EventDate "2015.10.03"]
[EventType "swiss"]
[EventRounds "9"]
[EventCountry "RUS"]
[SourceTitle "CBM 168 Extra"]
[Source "ChessBase"]
[SourceDate "2015.10.29"]
[SourceVersion "1"]
[SourceVersionDate "2015.10.29"]
[SourceQuality "1"]

1. Nf3 Nf6 2. c4 g6 3. g3 Bg7 4. Bg2 0-0 5. 0-0 d6 6. d4 Bf5 7. Nc3 Nc6 8. b3 e5 9. dxe5 dxe5 10. Ba3 Re8 11. Nh4 Bg4 12. Bxc6 bxc6 13. Qc2 Qc8 14. Ng2 h5 15. f3 Bh3 16. e4 Nh7 17. Rf2 Ng5 18. Ne1 f5 19. Nd3 Ne6 20. Ne2 fxe4 21. fxe4 Ng5 22. Nc3 Bg4 23. Rff1 Bf3 24. h4 Qg4 0-1

[Event "World ol U16"]
[Site "Ulaanbaatar"]
[Date "2015.08.28"]
[Round "10.3"]
[White "Tarasov, Alexandr"]
[Black "Wong, Wan Tat"]
[Result "1/2-1/2"]
[WhiteElo "2305"]
[BlackElo "1536"]
[PlyCount "53"]
[EventDate "2015.08.20"]
[EventType "team-swiss"]
[EventRounds "9"]
[EventCountry "MGL"]
[SourceTitle "EXT 2017"]
[Source "ChessBase"]
[SourceDate "2016.10.25"]
[SourceVersion "1"]
[SourceVersionDate "2016.10.25"]
[SourceQuality "1"]
[WhiteTeam "Russia II"]
[BlackTeam "Macau"]
[WhiteTeamCountry "RUS"]
[BlackTeamCountry "MAC"]

1. e4 e5 2. Nf3 Nc6 3. Bc4 Bc5 4. 0-0 Nf6 5. Nc3 0-0 6. d3 h6 7. Re1 d6 8. h3 Be6 9. Bxe6 fxe6 10. Be3 Bb6 11. d4 exd4 12. Nxd4 Nxd4 13. Bxd4 e5 14. Bxb6 a6 15. Nd5 Kh8 16. c4 Nxd5 17. cxd5 Qh4 18. Qc2 Rf7 19. a4 Raf8 20. Re2 Qg5 21. Kh1 Qh5 22. b4 Rf6 23. b5 Rg6 24. f3 Rf7 25. Rb1 Qg5 26. Ra1 Qg3 27. Rb1 1/2-1/2

[Event "World ol U16"]
[Site "Ulaanbaatar"]
[Date "2015.08.25"]
[Round "7.2"]
[White "Tarasov, Alexandr"]
[Black "Yang, Pou Kuan"]
[Result "1/2-1/2"]
[WhiteElo "2305"]
[BlackElo "1222"]
[PlyCount "59"]
[EventDate "2015.08.20"]
[EventType "team-swiss"]
[EventRounds "9"]
[EventCountry "MGL"]
[SourceTitle "EXT 2016"]
[Source "ChessBase"]
[SourceDate "2015.10.08"]
[SourceVersion "1"]
[SourceVersionDate "2015.10.08"]
[SourceQuality "1"]
[WhiteTeam "Russia II"]
[BlackTeam "Macau II"]
[WhiteTeamCountry "RUS"]
[BlackTeamCountry "MAC"]

1. e4 e5 2. Nf3 Nc6 3. Bc4 Bc5 4. 0-0 Nf6 5. Nc3 0-0 6. d3 h6 7. Re1 d6 8. h3 Re8 9. Be3 Bb4 10. a4 Bxc3 11. bxc3 a6 12. d4 Nxe4 13. d5 Na5 14. Bd3 Nf6 15. c4 e4 16. Bd4 exd3 17. Rxe8+ Nxe8 18. Qxd3 b6 19. Re1 Bd7 20. Bc3 Nb7 21. Qd4 Qf6 22. Qe3 Qg6 23. Nh4 Qxc2 24. Qg3 Qh7 25. Re7 Rd8 26. Qf3 Nf6 27. Qg3 Kf8 28. Re1 Nc5 29. Qe3 Qe4 30. Qg3 1/2-1/2

[Event "RUS-chT U18"]
[Site "St Petersburg"]
[Date "2015.08.09"]
[Round "9.17"]
[White "Shapiro, David"]
[Black "Tarasov, Alexandr"]
[Result "1/2-1/2"]
[WhiteElo "2292"]
[BlackElo "2305"]
[PlyCount "112"]
[EventDate "2015.08.01"]
[EventType "team-swiss"]
[EventRounds "9"]
[EventCountry "RUS"]
[SourceTitle "CBM 167 Extra"]
[Source "ChessBase"]
[SourceDate "2015.09.14"]
[SourceVersion "1"]
[SourceVersionDate "2015.09.14"]
[SourceQuality "1"]
[WhiteTeam "Samara Rook"]
[BlackTeam "Moscow SSHOR Youth III"]
[WhiteTeamCountry "RUS"]
[BlackTeamCountry "RUS"]

1. c4 e6 2. Nc3 b6 3. Nf3 Bb7 4. g3 c5 5. Bg2 Nf6 6. 0-0 Be7 7. Re1 Ne4 8. Nxe4 Bxe4 9. d3 Bb7 10. e4 0-0 11. b3 d6 12. Bb2 e5 13. Nd2 Nc6 14. Nf1 Bg5 15. Ne3 Bxe3 16. fxe3 Ne7 17. d4 Qc7 18. Rf1 Bc6 19. Qc2 Qb7 20. Rf2 Rfe8 21. d5 Bd7 22. a3 Rac8 23. b4 b5 24. cxb5 cxb4 25. Qb3 Bxb5 26. Qxb4 Rc4 27. Qd2 Rec8 28. Bh3 Bd7 29. Bf1 Rxe4 30. Bd3 Ra4 31. e4 Bb5 32. Bxb5 Qxb5 33. Qg5 Qd7 34. Raf1 Rf8 35. Qe3 f6 36. Rc1 Rc8 37. Rfc2 Rxc2 38. Rxc2 Qg4 39. Re2 h5 40. Kg2 h4 41. Qf3 Qxf3+ 42. Kxf3 hxg3 43. hxg3 f5 44. exf5 Nxf5 45. Re1 Nd4+ 46. Kf2 Rc4 47. Rc1 Rxc1 48. Bxc1 Nb5 49. Ke2 Nc3+ 50. Kd3 Nxd5 51. Kc4 Nb6+ 52. Kb5 Kf7 53. a4 Nxa4 54. Kxa4 Ke6 55. Be3 d5 56. Bxa7 d4 1/2-1/2

[Event "RUS-chT U18"]
[Site "St Petersburg"]
[Date "2015.08.08"]
[Round "8.17"]
[White "Tarasov, Alexandr"]
[Black "Minko, Vladimir"]
[Result "1-0"]
[WhiteElo "2305"]
[BlackElo "2268"]
[PlyCount "73"]
[EventDate "2015.08.01"]
[EventType "team-swiss"]
[EventRounds "9"]
[EventCountry "RUS"]
[SourceTitle "CBM 167 Extra"]
[Source "ChessBase"]
[SourceDate "2015.09.14"]
[SourceVersion "1"]
[SourceVersionDate "2015.09.14"]
[SourceQuality "1"]
[WhiteTeam "Moscow SSHOR Youth III"]
[BlackTeam "Moscow Palace Youth"]
[WhiteTeamCountry "RUS"]
[BlackTeamCountry "RUS"]

1. c4 c5 2. Nf3 Nc6 3. Nc3 e5 4. g3 d6 5. Bg2 g6 6. 0-0 Bg7 7. Ne1 Be6 8. d3 Nge7 9. Nc2 d5 10. cxd5 Nxd5 11. Ne4 b6 12. Ng5 Bc8 13. Bd2 0-0 14. Ne3 Nde7 15. b4 h6 16. Nxf7 Rxf7 17. b5 Bb7 18. bxc6 Bxc6 19. Bh3 Nf5 20. Nc2 e4 21. dxe4 Bxa1 22. exf5 Qd5 23. f3 Bg7 24. fxg6 Re7 25. e4 Qxa2 26. Bf4 Rae8 27. Qd6 Bb5 28. Rc1 Bc4 29. Ne3 Bd4 30. Kh1 Bxe3 31. Bxe3 Be6 32. Bg2 Qe2 33. Qf4 h5 34. Qh6 Rd7 35. h4 Bb3 36. Bg5 Rf8 37. g4 1-0

[Event "Samara Polugaevsky Memorial 5th"]
[Site "Samara"]
[Date "2015.07.10"]
[Round "8"]
[White "Tarasov, Alexandr"]
[Black "Levin, Evgeny A"]
[Result "1/2-1/2"]
[WhiteElo "2288"]
[BlackElo "2519"]
[PlyCount "82"]
[EventDate "2015.07.03"]
[EventType "swiss"]
[EventRounds "9"]
[EventCountry "RUS"]
[SourceTitle "EXT 2017"]
[Source "ChessBase"]
[SourceDate "2016.10.25"]
[SourceVersion "1"]
[SourceVersionDate "2016.10.25"]
[SourceQuality "1"]

1. Nf3 Nf6 2. c4 e6 3. g3 b6 4. Bg2 Bb7 5. 0-0 Be7 6. Nc3 0-0 7. d4 Ne4 8. Bd2 Nxd2 9. Qxd2 d6 10. e4 Nd7 11. d5 c5 12. dxe6 fxe6 13. Rad1 a6 14. Qe3 Qe8 15. e5 Nxe5 16. Nxe5 Bxg2 17. Kxg2 dxe5 18. Qxe5 Bf6 19. Qe4 Bd4 20. Ne2 e5 21. b3 Ra7 22. Nc1 Qh5 23. Nd3 Raf7 24. f4 exf4 25. Nxf4 Qg4 26. Qd5 b5 27. h3 Qd7 28. Qxd7 Rxd7 29. Ne6 Rxf1 30. Rxf1 Bf6 31. cxb5 axb5 32. Nxc5 Rd2+ 33. Kf3 Rxa2 34. Rd1 Be7 35. Ne6 Rc2 36. Rd3 Kf7 37. Nd4 Rc5 38. b4 Rc4 39. Nxb5 Rxb4 40. Nd6+ Ke6 41. Ne4 Rb1 1/2-1/2

[Event "Voronezh op-A 19th"]
[Site "Voronezh"]
[Date "2015.06.20"]
[Round "9"]
[White "Duzhakov, Ilya"]
[Black "Tarasov, Alexandr"]
[Result "1-0"]
[WhiteElo "2411"]
[BlackElo "2309"]
[PlyCount "91"]
[EventDate "2015.06.12"]
[EventType "swiss"]
[EventRounds "9"]
[EventCountry "RUS"]
[SourceTitle "CBM 167 Extra"]
[Source "ChessBase"]
[SourceDate "2015.09.14"]
[SourceVersion "1"]
[SourceVersionDate "2015.09.14"]
[SourceQuality "1"]

1. d4 e6 2. c4 d5 3. Nc3 Be7 4. Nf3 Nf6 5. Bf4 0-0 6. Qc2 c6 7. e3 Nbd7 8. Rd1 a6 9. c5 b6 10. b4 a5 11. a3 axb4 12. axb4 bxc5 13. bxc5 Ra3 14. Nb1 Ra1 15. Bd3 Ba6 16. Qc3 Ra2 17. Nbd2 Qa8 18. 0-0 Ne4 19. Nxe4 dxe4 20. Bxa6 exf3 21. Bc4 fxg2 22. Kxg2 Ra3 23. Qb2 Ra4 24. Bd3 e5 25. Bc2 Qa7 26. Bg3 exd4 27. exd4 Nf6 28. Rfe1 Ra8 29. Re5 Ng4 30. Re2 Ra2 31. Qb1 Nf6 32. Rde1 Bf8 33. Be5 Qd7 34. f3 Ra1 35. Qxa1 Rxa1 36. Rxa1 Qb7 37. Rb1 Qa6 38. Kf2 Nd7 39. Bf4 Qc4 40. Be3 g6 41. Rb7 Nxc5 42. dxc5 Bxc5 43. Bb3 Qc3 44. Bxf7+ Kf8 45. Bb3 Bxe3+ 46. Rxe3 1-0

[Event "Voronezh op-A 19th"]
[Site "Voronezh"]
[Date "2015.06.17"]
[Round "6"]
[White "Tarasov, Alexandr"]
[Black "Dimitrova, Aleksandra"]
[Result "1-0"]
[WhiteElo "2309"]
[BlackElo "2126"]
[PlyCount "93"]
[EventDate "2015.06.12"]
[EventType "swiss"]
[EventRounds "9"]
[EventCountry "RUS"]
[SourceTitle "CBM 167 Extra"]
[Source "ChessBase"]
[SourceDate "2015.09.14"]
[SourceVersion "1"]
[SourceVersionDate "2015.09.14"]
[SourceQuality "1"]

1. d4 Nf6 2. c4 e6 3. g3 d5 4. Nf3 Bb4+ 5. Bd2 Be7 6. Bg2 c6 7. Qc2 0-0 8. 0-0 b6 9. b3 Nbd7 10. Rd1 Ba6 11. a4 c5 12. cxd5 exd5 13. Nc3 Rc8 14. Qb2 Nb8 15. Be3 Nc6 16. h3 Nb4 17. Rac1 Qd7 18. g4 h6 19. Nh2 Qe6 20. Nf1 Bb7 21. Ng3 Rfd8 22. Rd2 a6 23. Rcd1 Ba8 24. Nf5 Bf8 25. a5 c4 26. axb6 Qxb6 27. Na4 Qb5 28. Nc5 a5 29. g5 hxg5 30. Bxg5 Qb6 31. Qc3 cxb3 32. Qxb3 Re8 33. Qg3 Nh7 34. Bf4 Qf6 35. Nh6+ Kh8 36. Ng4 Qg6 37. Nd7 Be7 38. Nde5 Qf5 39. Ne3 Qf6 40. h4 Qxh4 41. Nxf7+ Kg8 42. Qxh4 Bxh4 43. Nd6 Red8 44. Nxc8 Rxc8 45. Ra1 Bd8 46. Bd6 Nf6 47. Bh3 1-0

[Event "Voronezh op-A 19th"]
[Site "Voronezh"]
[Date "2015.06.16"]
[Round "5"]
[White "Utiatskaja, Irina"]
[Black "Tarasov, Alexandr"]
[Result "1/2-1/2"]
[WhiteElo "2171"]
[BlackElo "2309"]
[PlyCount "57"]
[EventDate "2015.06.12"]
[EventType "swiss"]
[EventRounds "9"]
[EventCountry "RUS"]
[SourceTitle "CBM 167 Extra"]
[Source "ChessBase"]
[SourceDate "2015.09.14"]
[SourceVersion "1"]
[SourceVersionDate "2015.09.14"]
[SourceQuality "1"]

1. e4 e6 2. d4 d5 3. Nc3 Bb4 4. e5 Ne7 5. a3 Bxc3+ 6. bxc3 c5 7. Qg4 0-0 8. Bd3 Nbc6 9. Qh5 Ng6 10. Nf3 Nce7 11. h4 Qa5 12. Bd2 c4 13. Bxg6 fxg6 14. Qg5 Rf7 15. h5 h6 16. Qg4 g5 17. 0-0 Bd7 18. Nh2 Raf8 19. f4 gxf4 20. Rf3 Qb6 21. Bxf4 Qb2 22. Raf1 Nf5 23. Bc1 Qxc2 24. Qg6 Qe4 25. Rf4 Qd3 26. R4f3 Qe4 27. Rf4 Qd3 28. R4f3 Qe4 29. Rf4 1/2-1/2

[Event "Voronezh op-A 19th"]
[Site "Voronezh"]
[Date "2015.06.13"]
[Round "2"]
[White "Tarasov, Alexandr"]
[Black "Papin, Vasily"]
[Result "0-1"]
[WhiteElo "2309"]
[BlackElo "2480"]
[PlyCount "68"]
[EventDate "2015.06.12"]
[EventType "swiss"]
[EventRounds "9"]
[EventCountry "RUS"]
[SourceTitle "CBM 167 Extra"]
[Source "ChessBase"]
[SourceDate "2015.09.14"]
[SourceVersion "1"]
[SourceVersionDate "2015.09.14"]
[SourceQuality "1"]

1. Nf3 c5 2. c4 Nc6 3. Nc3 g6 4. e3 Nf6 5. d4 cxd4 6. exd4 d5 7. cxd5 Nxd5 8. Qb3 Nxc3 9. Bc4 Nd5 10. Bxd5 e6 11. Bxc6+ bxc6 12. 0-0 f6 13. Re1 Qd5 14. Qc2 Be7 15. b3 Kf7 16. Bb2 Bb7 17. Re3 Rhe8 18. Qe2 Rad8 19. Re1 Bf8 20. h3 c5 21. Qf1 cxd4 22. Bxd4 e5 23. Bb2 Kg8 24. Nh2 h5 25. Rg3 Kf7 26. Rc1 Bc5 27. Rgc3 Bb6 28. Nf3 Re6 29. Qe2 e4 30. Ne1 Ba6 31. Qc2 Qd2 32. Qxd2 Rxd2 33. Ba3 Bxf2+ 34. Kh1 g5 0-1